Expertise in physical therapy practice

Other Authors: Jensen, Gail M, Purtilo, Ruth B, Rothstein, Jules
Language: English
Published: St. Louis, Mo.: Saunders, 2007.
Edition: 2nd ed.
Subjects:
LEADER 01023cam a2200277 7i4500
001 0000035698
005 20200605090000.0
008 110321 eng
020 |a 1416002146 (pbk.)  
020 |a 9781416002147 (pbk.)  
090 0 0 |a RM705   |b .E97 2007 
245 0 0 |a Expertise in physical therapy practice   |c Gail M. Jensen ... [et al.] ; with six contributors ; forewords by Ruth B. Purtilo, Jules Rothstein. 
250 |a 2nd ed. 
260 |a St. Louis, Mo.:   |b Saunders,   |c 2007. 
300 |a xxiv, 323 p.:   |b ill.;   |c 23 cm. 
504 |a Includes bibliographical references and index 
650 0 0 |a Physical therapy --   |x Decision making  
650 0 0 |a Physical therapist and patient  
650 0 0 |a Physical therapy modalities  
650 0 0 |a Physical therapy --   |x Practice  
700 1 |a Jensen, Gail M  
700 1 |a Purtilo, Ruth B  
700 1 |a Rothstein, Jules  
997 |a Health Sciences, Faculty 
998 |a Physiotherapy, Diploma 
999 |a 0000046968  |b BOK  |c OPEN SHELF  |e 1st Floor, Shah Alam